Clubs de Premier League (2026-2027) - Statistiques

Statistiques générales
  • Ce quiz a été pris 23 fois
  • Le résultat moyen est 15 sur 20
Statistiques - réponses
Premier League % Correct
Arsenal
100%
Chelsea
100%
Manchester City
100%
Manchester United
94%
Aston Villa
88%
Liverpool
88%
Tottenham
81%
Brentford
75%
Brighton
75%
Crystal Palace
75%
Fulham
75%
Bournemouth
69%
Leeds United
69%
Newcastle
69%
Sunderland
69%
Coventry
63%
Hull City
63%
Nottingham Forest
56%
Everton
50%
Ipswich
44%
Aucun quiz correspondant
Distribution des résultats
% des personnes avec chaque résultat
Percentile par nombre de réponses
Votre historique - résultats
Vous n’avez pas pris ce quiz